A motiváció szerepe a hatékony csapatmunkában, Avagy motivációs eszközök vizsgálata a Z generáció körében a Starbucks Magyarország vállalatnál
| Main Author: | |
|---|---|
| Other Authors: | |
| Format: | Thesis |
| Kulcsszavak: | csapatépítés generációváltás motiváció vendéglátás Z generáció |
| Online Access: | http://dolgozattar.uni-bge.hu/60223 |
MARC
| LEADER | 00000nta a2200000 i 4500 | ||
|---|---|---|---|
| 001 | dolg60223 | ||
| 005 | 20260409150146.0 | ||
| 008 | 260409suuuu hu om 000 hun d | ||
| 040 | |a BGE Dolgozattár Repozitórium |b hun | ||
| 041 | |a hu | ||
| 100 | 1 | |a Rátkay Karina | |
| 245 | 1 | 2 | |a A motiváció szerepe a hatékony csapatmunkában, Avagy motivációs eszközök vizsgálata a Z generáció körében a Starbucks Magyarország vállalatnál |c Rátkay Karina |h [elektronikus dokumentum] |
| 520 | 3 | |a A dolgozat a motiváció szerepét vizsgálja a hatékony csapatmunka kialakításában, különös tekintettel a Z generáció munkavállalóira, a Starbucks Magyarország példáján keresztül. A kutatás kvalitatív és kvantitatív módszereket – fókuszcsoportos interjúkat, kérdőíves lekérdezést és személyes interjúkat – ötvözve tárta fel a fiatal munkavállalók motivációs szükségleteit. Az eredmények szerint a Z generáció számára a rugalmas munkavégzés, a folyamatos visszajelzés, a fejlődési lehetőségek, valamint a munkahelyi közösséghez való tartozás kiemelt jelentőséggel bír. A dolgozat megállapítja, hogy a hagyományos motivációs eszközök kiegészítése elengedhetetlen a generációs igényekhez igazodó, hosszú távon is fenntartható munkahelyi elkötelezettség kialakításához. | |
| 695 | |a csapatépítés | ||
| 695 | |a generációváltás | ||
| 695 | |a motiváció | ||
| 695 | |a vendéglátás | ||
| 695 | |a Z generáció | ||
| 700 | 1 | |a Sólyom Dr. Andrea |e ths | |
| 856 | 4 | 0 | |u http://dolgozattar.uni-bge.hu/60223/1/R%C3%83%C2%A1tkay_Karina_Szakdolgozat.pdf |z Dokumentum-elérés |
| 856 | 4 | 0 | |u http://dolgozattar.uni-bge.hu/60223/2/Titkos%C3%ADt%C3%A1s.pdf |z Dokumentum-elérés |
| 856 | 4 | 0 | |u http://dolgozattar.uni-bge.hu/60223/3/titkos%C3%ADt%C3%A1s.pdf |z Dokumentum-elérés |
| 856 | 4 | 0 | |u http://dolgozattar.uni-bge.hu/60223/4/R%C3%A1tkay%20Karina_k.pdf |z Dokumentum-elérés |
| 856 | 4 | 0 | |u http://dolgozattar.uni-bge.hu/60223/5/R%C3%A1tkay%20Karina%20b.pdf |z Dokumentum-elérés |